| 000 | 01009nam0a22002531 4500 | ||
|---|---|---|---|
| 001 | rc\938668 | ||
| 005 | 20260406151826.0 | ||
| 035 | _a(NLR Aleph) 006111334 | ||
| 090 |
_a5362330 _c5362330 |
||
| 100 | _a20041129d1982 |||y0rusy50 ca | ||
| 101 | 0 | _arus | |
| 102 | _aRU | ||
| 105 | _aa ||||||||| | ||
| 200 | 1 |
_aТам небеса и воды ясны... _eСтихотворения, баллады, сказки _fВасилий Андреевич Жуковский _g[Предисл. и послесл., с. 299-318, Р.В. Иезуитовой _gРис. В.А. Жуковского] |
|
| 210 |
_aТула _cПриок. кн. изд-во _d1982 |
||
| 215 |
_a319 с., 1 л. портр. _cил. _d20 |
||
| 225 | 1 | _aОтчий край | |
| 700 | 1 |
_8rus _7ca _aЖуковский _bВ. А. _f1783-1852 _cпоэт _gВасилий Андреевич _3RU\NLR\AUTH\775529 _9115493 |
|
| 801 | 0 |
_aRU _bNLR _gpsbo |
|
| 801 | 1 |
_aRU _bELAR _2rusmarc |
|
| 852 |
_aNLR _j83-3/2391 |
||
| 942 | _cBOOK | ||
| 980 | _aNB | ||